000
00331nam a2200145Ia 4500
005
20251222143215.0
008
251222s9999||||xx |||||||||||||| ||spa||
020
_a
9780800719029
082
_a
649.64/L44
100
_a
Leman, Kevin
245
0
_a
Have a New Kid by Friday
250
_a
1ra.ed.
264
_b
Revell
942
_c
LIB
999
_c
13593
_d
13593